[Event "NED-ch51 playoff"]
[Site "Amsterdam"]
[Date "1996.11.12"]
[Round "2"]
[White "Sokolov, Ivan"]
[Black "Timman, Jan H"]
[Result "0-1"]
[WhiteElo "2670"]
[BlackElo "2590"]
[Annotator "Lutz,C"]
[PlyCount "90"]
[EventDate "1996.11.11"]
[EventType "match"]
[EventRounds "4"]
[EventCountry "NED"]
[SourceTitle "CBM 056"]
[Source "ChessBase"]
[SourceDate "1997.02.01"]
[SourceVersion "1"]
[SourceVersionDate "1997.02.01"]
[SourceQuality "1"]

1. d4 {Cifuentes,R} d5 2. c4 c6 3. Nc3 Nf6 4. Nf3 e6 5. e3 Nbd7 6. Qc2 Bd6 7.
Bd3 O-O 8. O-O dxc4 9. Bxc4 Qe7 (9... b5 {Cifuentes,R} 10. Be2 Re8 11. Rd1 (11.
h3) 11... Qc7 12. h3 e5 13. b3 a6 14. Bb2 exd4 15. Nxd4 Bb7 16. Nf5 Bf8 17. Nd5
Nxd5 18. Rxd5 Re6 19. Rad1 Nb6 20. R5d4 c5 21. Rg4 $14 {Browne-Shabalov, Las
Vegas 1994}) (9... a6 {Cifuentes,R} 10. Rd1 Qe7 (10... b5 11. Bd3 c5 12. Ne4
Qb6 13. Nxd6 (13. Nxf6+ Nxf6 14. e4 c4) 13... Qxd6 14. dxc5 Qxc5 15. b3 $14) (
10... Qc7 11. Ne4 $1 Nxe4 12. Qxe4 e5 (12... c5 13. Bd3 Nf6 14. Qh4 $14) (12...
Re8 13. Bd2 b6 14. Bd3 Nf8 15. Rac1 Bb7 16. Qg4 Rad8 17. Bc3 Qe7 18. a3 Bc8 19.
Qh5 Bb7 20. Ng5 h6 21. Ne4 Bb8 22. Ng3 Rd5 23. Qe2 a5 24. Be4 Rd7 25. Bb1 Qh4
26. f4 {Miles,A-Stripunsky,A/Wijk-B 1996/1-0 (70)}) 13. Qh4 Nf6 14. e4 exd4 15.
e5 $1 {Epishin,V-Brenninkmeijer,J/Wijk 1992/1-0 (46)}) 11. h3 b5 12. Bd3 c5 $10
13. Ne4 c4 $1 (13... Bb7 14. Nxd6 Qxd6 15. dxc5 Qxc5 16. Qxc5 Nxc5 17. Be2 $10)
14. Nxd6 Qxd6 15. Be2 Bb7 16. Bd2 Rfc8 17. Rdc1 Ne4 18. Ba5 f5 19. Qd1 Bd5 20.
Qe1 Qe7 21. a4 Ng5 22. Nxg5 Qxg5 23. Bf1 Nf6 24. axb5 axb5 25. Bd2 Ne4 26. Bb4
h6 $1 27. Rxa8 Rxa8 28. Ra1 Rxa1 29. Qxa1 Kh7 30. Qe1 Qg6 31. Be7 $2 Qf7 32.
Ba3 Qa7 33. Qb4 f4 34. Qe1 f3 $1 $17 {Karpov,An-Anand,V/Brussels m (2)/1991/})
10. h3 (10. Bd2) (10. e4 {Cifuentes,R} e5 11. Rd1 (11. Be3 exd4 12. Bxd4 Ng4 $1
13. h3 (13. Rad1 Nde5 14. Nxe5 Bxe5 15. Bxe5 Qxe5 16. g3 Qh5 $15) 13... Nge5
14. Nxe5 Nxe5 15. Be2 Ng6 $10) 11... exd4 12. Nxd4 Ne5 13. Be2 Ng6 14. Nf5 $6
Bxf5 15. exf5 Ne5 16. Bg5 Ned7 17. Re1 Rfe8 18. Kf1 h6 19. Bh4 Be5 20. Bg3 Qc5
$15 {Dlugy-Akopian, New York 1994}) (10. Rd1 {Cifuentes,R} e5 11. Bb3 e4 12.
Nd2 Re8 13. f3 exf3 14. Nxf3 Nf8 15. e4 Nxe4 16. Qxe4 Qxe4 17. Nxe4 Rxe4 18.
Bxf7+ Kh8 19. Ng5 Re7 20. Rf1 Ne6 21. Bd2 Nxg5 22. Bxg5 Re4 23. Rae1 Bf5 $1 24.
Rxe4 Bxe4 25. Re1 Rf8 26. Rxe4 Rxf7 27. Re6 Bf8 28. Re8 h6 29. Be3 Kh7 $14 {
Karpov,An.-Tukmakov,V/ Biel 1996} (29... a6 $1 {Tukmakov} 30. d5 cxd5 31. Bc5
Kg8 32. Rb8 d4 33. Bxf8 Rxf8 34. Rxb7 d3 35. Rd7 Rc8 $10)) (10. a3 {Cifuentes,R
} e5 (10... c5 11. dxc5 Bxc5 12. e4 Ng4 $5 (12... Bd6 $6 13. Nb5 Ne5 14. Nxe5
Bxe5 15. Bd2 $16) 13. Bf4 Bd6 14. Qd2 $14) (10... b5 $5 11. Ba2 Bb7 $13) 11. h3
(11. Ba2 $6 e4 12. Ng5 Bxh2+ 13. Kxh2 Ng4+ 14. Kg1 Qxg5 15. Qxe4 Ndf6 16. Qf4
Qxf4 17. exf4 Be6 18. f3 Nh6 19. g4 Bxa2 20. Rxa2 Nd5 21. f5 f6 22. Bxh6 (22.
Ne4 Nf7 {/\ Rad8, Nd6}) 22... gxh6 23. Ne4 h5 $1 $15) 11... Bb8 $5 (11... e4
12. Ng5 Nb6 13. Ba2 Bf5 14. f3 $14) (11... Bc7 12. Ba2 h6 $6 (12... exd4 13.
exd4 Nb6 14. Bg5 Qd6 15. Rae1 $14) 13. Nh4 $1 Re8 14. Nf5 Qf8 15. Nb5 $1 Bb8
16. Bd2 $1 $14 {Karpov,An-Anand,V/Bruxelles (m/8) 52/428 1991}) 12. Ba2 h6 13.
Nh4 Rd8 14. Nf5 Qe8 15. f4 exd4 16. Nxd4 Nc5 17. b4 Nce4 18. Nxe4 Qxe4 19. Qxe4
Nxe4 20. Bb2 a6 21. Rad1 Ba7 22. g4 Bd7 $15 {Ftacknik,L-Chernin,A/ Bratislava
1996 -67/518}) 10... c5 (10... a6 {Cifuentes,R} 11. e4 $1 e5 12. Rd1 $1 b5 (
12... exd4 13. Nxd4 Ne5 14. Bf1 $14) 13. Bf1 c5 14. d5 c4 15. a4 Rb8 (15... b4
16. Ne2 Nc5 17. Ng3 $16) 16. axb5 axb5 17. Ra5 $1 b4 18. Na4 Qd8 19. Ra7 b3 20.
Qe2 Nc5 21. Nxc5 Bxc5 22. Ra1 $1 c3 (22... Qd6 23. Bd2 Ba6 24. Bc3 $16) 23.
Nxe5 $1 $16 {1-0 Karpov,An-Anand,V/Bruxelles (m/4) 52/425 1991 (43)}) 11. dxc5
(11. e4 cxd4 12. Nxd4 Ne5 13. Bb3 Bd7 14. Be3 Ng6 (14... Nc6 $5) 15. Rae1 Rac8
16. f4 Nxf4 $2 17. Bxf4 {1-0 Dokuchaev,A-Ionov,S/St.Petersburg op2 1994} Bxf4 (
17... e5 18. Nf5 Bxf5 19. exf5 $18) 18. Rxf4 e5 19. Nf5 Bxf5 20. Rxf5 Qc5+ 21.
Rf2 $18) 11... Bxc5 12. e4 Bd6 13. Nb5 (13. Nd4 $6 {Cifuentes,R} Ne5 14. Bb3
Bd7 15. Be3 Ng6 $1 (15... Rfd8 $2 16. f4 Nc6 17. e5 Nxd4 18. Bxd4 Bc5 19. Rad1
(19. Bxc5 Qxc5+ 20. Qf2 Qxf2+ 21. Rxf2 Ne8 22. Rd1 Bc6 23. Rfd2 Rxd2 24. Rxd2
Kf8) 19... Bxd4+ (19... Bc6 $2 20. exf6 Rxd4 21. fxe7 Rxd1+ 22. Kh2 Rxf1 23.
Qd3 Bg1+ 24. Kh1 $18) 20. Rxd4 Ne8 21. Rfd1 $16) 16. Rad1 Rfd8 17. Nf3 Bc6 18.
Rfe1 Rdc8 $1 19. Qb1 Bb4 20. Bd2 (20. Bd4 e5 $17) 20... Rd8 $1 21. a3 Bc5 22.
Na4 Bd6 $1 23. Nc3 (23. e5 Bxf3 24. exd6 (24. exf6 Qxf6 25. gxf3 Bf4 $1 26.
Bxf4 Nxf4 $40) 24... Qxd6 25. gxf3 Nh4 26. Re3 (26. Bc3 Nxf3+ 27. Kg2 Nh4+ 28.
Kg1 Qc6 $19) (26. Be3 Nxf3+ $19) 26... Qf4 $44 {/^}) 23... Qc7 24. Ba2 a6 25.
Be3 b5 26. Bb3 Bb7 $15 {Karpov,An.-Anand,V/ Bruxellas (m/6 ) 1991 (32)}) 13...
Ne5 (13... Bb8 $6 14. b3 b6 15. e5 $1 Nd5 16. Ba3 Nc5 17. Bxd5 exd5 18. Rac1 f6
19. Bxc5 bxc5 20. Qxc5 Qxc5 21. Rxc5 fxe5 22. Rfc1 Bf5 23. Rxd5 $16 {1-0
Uhlmann,W-Schlosser,P/Baden Baden-B 1992 (61)}) 14. Nxe5 Bxe5 15. Be3 $146 (15.
f4 Qc5+ 16. Kh2 (16. Kh1 {Cifuentes,R} Bd7 17. b4 $1 Qc8 18. Nxa7 Rxa7 19. fxe5
Bb5 $8 20. Be3 Bxc4 $1 (20... Qxc4 $6 21. Qxc4 Bxc4 22. Bxa7 Bxf1 23. Rxf1 $1
Nxe4 24. Rc1 $1 $14 {Ruzele,D-Cifuentes,R/Groningen Open 1996}) 21. exf6 Bxf1
22. Qxc8 (22. Qf2 Ra3) 22... Rxc8 23. Bxa7 Bd3 $44) 16... Bd7 17. a4 $6 (17.
fxe5 Bxb5 18. exf6 Qxc4 $11 {Timman}) 17... Bxb5 18. axb5 Bd4 19. Qe2 e5 $15 {
1/2-1/2 Kortschnoj,V-Timman,J/Brussels cqf2 1991 (28)}) 15... a6 16. Nd4 b5 $11
17. Nc6 Qc7 18. Nxe5 Qxe5 19. Bd3 Bb7 20. f4 $2 {[%csl Re4][%cal Yb7e4,Yf6e4]
Ein schwerer strategischer Fehler, da nun der Pe4 unheilbar geschwächt ist.
Nach 20. f3 ist die Stellung im Gleichgewicht. Der Bb7 ist stumpf, die
Schwächung des weißen Königsflügels fällt nicht so ins Gewicht, da Weiß noch
den schwarzfeldrigen Läufer besitzt.} (20. f3 Nd5 $5 21. Qc5 $5 (21. Bc5 Nb4 $5
22. Bxb4 Qd4+ 23. Qf2 Qxb4 24. Rfd1 $11) 21... Rac8 22. Qd4 Qxd4 23. Bxd4 Nb4 (
23... Nf4 24. Rfd1 Rfd8 $6 25. Bf1 $14) 24. Rfd1 Rfd8 $6 (24... Nxd3 $11) 25.
Bf1 Rxd4 (25... Nc2 26. Bb6 $1 $14) 26. Rxd4 Nc2 27. Rd7 Bc6 28. Rad1 Bxd7 29.
Rxd7 $36) 20... Qh5 21. Bc5 (21. e5 $11 {Fritz} Rac8 22. Qd1 Qxd1 23. Raxd1 Nd5
24. Bd2 $11) 21... Rfd8 22. b4 (22. Rfd1 Nxe4 23. Bxe4 Rxd1+ 24. Rxd1 Bxe4 $17)
22... Rac8 {/\ ...Nd7} 23. e5 (23. Rad1 $142 {Cifuentes,R} Nd7 24. Be2 Qg6 25.
Bf3 e5 26. f5 Qg5 $10) 23... Nd5 24. Qb3 (24. Rac1 {Cifuentes,R} Nxb4 25. Bxh7+
Kh8 $1 26. Qb1 Nxa2 $1 $17) (24. Qd2 $5 {Cifuentes,R}) 24... a5 $1 (24... Qh4 {
Cifuentes,R} 25. Be4) 25. a3 (25. Bxb5 {Cifuentes,R} Qh4 $1 (25... axb4 26.
Bxb4 Nxb4 (26... Nxf4 27. Rxf4 Qxe5 28. Raf1 Qxb5 29. Rxf7 Qd5 30. Qg3 g6 $14)
27. Qxb4 Rc2 28. Rf2 Rxf2 29. Kxf2 Qh4+ 30. Kg1 Qg3 31. Bf1 Qe3+ 32. Kh2 Be4 $2
33. Re1 $1 Qxf4+ 34. Kg1 $18) 26. Rf2 (26. Bf2 Qh6) 26... axb4 27. Bxb4 Nxf4
28. Raf1 (28. Bd6 Nxg2 $1 29. Rxg2 Qd4+ $19) 28... Nxh3+ $1 29. Qxh3 (29. gxh3
Qg5+ 30. Kh2 Qxe5+ $17) 29... Qxb4 $17) 25... a4 26. Qd1 (26. Qb1 Qh4 $5 27.
Qe1 Qxe1 28. Raxe1 Nxb4) 26... Qxd1 27. Raxd1 Nc3 28. Rd2 Be4 29. Bd6 f5 $1 $17
30. Kh2 Bxd3 31. Rxd3 Ne4 {[%csl Rc2,Rc4,Rd5,Re4] Die weißen Felder sind
tödlich schwach.} 32. Rff3 Rc2 33. Be7 Rxd3 34. Rxd3 Rd2 35. Re3 (35. Rxd2 {
Cifuentes,R} Nxd2 $19 {x Pa3}) 35... Kf7 36. Bh4 Ke8 37. Be1 Rb2 38. Rd3 h6 39.
Rd1 Ra2 40. Rc1 (40. Rd3 {Cifuentes,R} Ra1 41. Bg3 g5 $19) 40... Kd7 41. Rd1+
Kc6 42. Rc1+ Kd5 43. Rd1+ Kc4 44. Rc1+ Kb3 45. Rc6 Re2 (45... Re2 {Cifuentes,R}
46. Bg3 Re3 47. Bh4 g5) 0-1

[Event "Moscow Aeroflot op"]
[Site "Moscow"]
[Date "2002.02.08"]
[Round "6"]
[White "Tkachiev, Vladislav"]
[Black "Kaidanov, Gregory S"]
[Result "1/2-1/2"]
[WhiteElo "2634"]
[BlackElo "2596"]
[Annotator "Lutz,C"]
[PlyCount "63"]
[EventDate "2002.02.04"]
[EventType "swiss"]
[EventRounds "9"]
[EventCountry "RUS"]
[SourceTitle "CBM 088"]
[Source "ChessBase"]
[SourceDate "2002.03.21"]
[SourceVersion "1"]
[SourceVersionDate "2002.03.21"]
[SourceQuality "1"]

1. d4 d5 2. c4 e6 3. Nc3 c6 4. e3 Nf6 5. Nf3 Nbd7 6. Bd3 Bd6 7. e4 dxe4 8. Nxe4
Nxe4 9. Bxe4 O-O 10. O-O h6 (10... e5 $2 11. dxe5 Nxe5 12. Nxe5 Bxe5 13. Bxh7+
Kxh7 14. Qh5+) 11. Bc2 e5 12. Qd3 $5 {In dieser Variante muss Weiß energisch
spielen, um einen kleinen Vorteil zu bewahren.} (12. Re1 exd4 13. Qxd4 $14 {
ist die Hauptvariante.}) 12... f5 13. c5 Bc7 14. Qc4+ Kh8 15. dxe5 (15. g3 $5
exd4 16. Re1 Qf6 17. Nh4 Ne5 18. Qxd4 Qxh4 19. Qxe5 Bxe5 20. gxh4 Bf6 21. Bf4
Bxh4 22. Rad1 Bf6 23. Bd6 Rd8 24. f4 Bxb2 25. Be5 Rxd1 26. Rxd1 Bxe5 27. Rd8+
Kh7 28. fxe5 Kg6 29. Rf8 {1-0 Lobron,E-Dobrovolsky,L/Germany 1993/GER-chT (29)}
) 15... Nxe5 16. Nxe5 Bxe5 17. Bf4 Qd4 18. Qxd4 Bxd4 19. Rad1 $5 {Weiß steckt
einen Bauern ins Geschäft, um die Zentrallinien zu kontrollieren.} (19. Rfe1
Bxc5 (19... Bxb2 $5) 20. Rad1 a5 21. Bd6 Bxd6 22. Rxd6 a4 23. f4 Ra5 24. b4
axb3 25. Bxb3 Ra6 26. Re7 c5 27. Rxa6 bxa6 28. Rc7 Kh7 29. Kf2 Rd8 30. h4 Bd7
31. Rxc5 Bb5 32. Rd5 Rxd5 33. Bxd5 g5 34. g3 gxh4 35. gxh4 Kg6 36. Bf3 Kf6 37.
Ke3 Ke6 38. Kd4 Kd6 39. Bb7 Kc7 40. Bd5 Kd6 41. Bc4 Bxc4 42. Kxc4 Kc6 43. h5 {
1-0 Voloshin,L-Chernikov,O/Ceske Budejovice 1993/EXT 97 (43)}) (19. Bd6 $5 Re8
20. Rae1 Be6 21. b3 b6 22. cxb6 axb6 23. a4 Bd5 24. Rd1 c5 25. Rfe1 b5 26. axb5
Rxe1+ 27. Rxe1 Ra2 28. Rc1 c4 29. bxc4 Bxc4 30. h4 Bxb5 31. Bxf5 Bxf2+ {
1/2-1/2 Cvitan,O-Arkhipov,S/Tbilisi 1986/EXT 98 (31)}) 19... Bxb2 20. Rfe1 Bf6
21. Rd6 b6 {Unter Rückgabe des Bauern strebt Schwarz die Befreiung seiner
Stellung an.} 22. Be5 (22. Rxc6 Bb7 23. Rc7 Bd5 $11 {/\ ...Rfe8} 24. c6 $6 Bd8)
22... Ba6 23. Bxf6 Rxf6 24. Rxf6 gxf6 25. Re6 Rf8 26. Re7 $6 (26. Rxc6 $5 {
, und ich sehe keinen klaren Remisweg für Schwarz, z.B.} Bb5 (26... Re8 27. h4
Re1+ 28. Kh2 Rc1 29. Bxf5 Rxc5 30. Rxf6 $16) 27. Rc7 bxc5 28. Rxc5 Re8 29. f4
Re1+ 30. Kf2 Rc1 31. Ke3 Ba4 32. Kd2 Rxc2+ 33. Rxc2 Bxc2 34. Kxc2 $18) 26...
Rd8 27. Rxa7 Bd3 28. Bxd3 Rxd3 29. Kf1 bxc5 30. Ke2 Rd4 31. Rf7 Rd6 32. Re7
1/2-1/2

[Event "NED-ch56"]
[Site "Leeuwarden"]
[Date "2001.06.28"]
[Round "7"]
[White "Van Wely, Loek"]
[Black "Van der Werf, Mark"]
[Result "1-0"]
[WhiteElo "2670"]
[BlackElo "2450"]
[Annotator "Lutz,C"]
[PlyCount "169"]
[EventDate "2001.06.20"]
[EventType "tourn"]
[EventRounds "9"]
[EventCountry "NED"]
[EventCategory "12"]
[SourceTitle "CBM 084"]
[Source "ChessBase"]
[SourceDate "2001.09.13"]
[SourceVersion "1"]
[SourceVersionDate "2001.09.13"]
[SourceQuality "1"]

1. d4 d5 2. c4 e6 3. Nc3 c6 4. e3 Nd7 5. Bd3 Ngf6 6. Nf3 Be7 $6 (6... dxc4) 7.
O-O O-O 8. b3 $5 {Weiß wählt das ruhigere Vorgehen.} (8. e4 $14 {gibt Weiß
einen bequemen Vorteil.}) 8... b6 9. Bb2 Bb7 10. Qe2 Qc7 11. Rac1 {Wenn Weiß
seinen Springer nach e5 bringen will, erscheint 11.Rad1 sinnvoller.} (11. Rad1
Rad8 12. Ne5 c5 (12... dxc4 13. bxc4 Nxe5 14. dxe5 Nd7 (14... Qxe5 $2 15. Nd5
Qd6 16. Nxf6+ Bxf6 17. Bxf6 gxf6 18. Bxh7+ $18) 15. f4 Nc5 16. Bb1 $13) 13. f4
Ne4 14. Nb5 Qb8 15. Nxd7 Rxd7 16. Bxe4 dxe4 17. dxc5 Rfd8 18. cxb6 axb6 19.
Rxd7 Rxd7 20. Rd1 $16 {1-0 Nenashev,A-Serper,G/Frunze 1988/TD (47)}) 11... Rad8
12. Ne5 (12. cxd5 exd5 {bringt Weiß nicht viel ein.} 13. Qc2 Rfe8 14. Ne2 Bd6
15. Ng3 Rc8 16. Nf5 Bf8 17. Rfe1 Qd8 18. Ne5 g6 19. Nxd7 Qxd7 20. Ng3 h5 21.
Nf1 Qd6 $132 {1-0 Malaniuk,V-Kacheishvili,G/Ubeda 1996/CBM 51 ext (49)}) (12.
Rfd1 $5 {erscheinbt mir sinnvoller, um die Spannung aufrecht zu halten.}) 12...
dxc4 13. Nxc4 (13. bxc4 Nxe5 14. dxe5 Qxe5 15. Nd5 Qd6) 13... c5 14. Rfd1 cxd4
15. exd4 Qf4 16. Qe3 Qg4 17. Qg3 Qxg3 18. hxg3 {Eine Isolani-Stellung ohne
Damen ist entstanden. Eigentlich sollte Schwarz keine Probleme mehr haben ...}
Nb8 $6 {Mit diesem Zug reitet sich Schwarz selbst in die Probleme rein.} (18...
a6 $5 $11 {nebst ...Rc8 und ...Rfd8 liegt auf der Hand.}) 19. Be2 Nd5 {Schwarz
spielt weiterhin sehr geradlinig.} 20. Nxd5 Bxd5 $6 (20... exd5 $142 $5) 21.
Ne3 {Jetzt hat Schwarz bereits Probleme.} Bc6 22. d5 $1 {Mit diesem Zug gerät
Weiß in Vorteil.} Bxd5 (22... exd5 23. Nf5 Bg5 24. Bxg7 Bxc1 (24... Rfe8 25.
Rc2) 25. Bxf8 Kxf8 26. Rxc1 $16 {mit weißem Vorteil wegen der schwarzen
Bauernschwächen.}) 23. Nxd5 exd5 24. Bf3 Bc5 25. Bxd5 $16 {Im weiteren Verlauf
demonstriert Loek van Wely mustergültig die Verwertung des Läuferpaares.} a5
26. Bf3 h6 27. Kf1 Rfe8 28. Be2 Nc6 29. a3 Rxd1+ 30. Rxd1 Rd8 31. Rxd8+ Nxd8
32. Bf3 Kf8 33. Ke2 f6 34. Bd5 Ke7 35. f4 Kd6 36. Bc4 Nc6 37. Kd3 Ne7 38. Ke4
f5+ 39. Kf3 g5 40. Be5+ Kc6 41. a4 g4+ 42. Ke2 Kd7 43. Bg7 Nc8 44. Bxh6 Nd6 45.
Bd5 Bd4 46. Bf8 Bh8 47. Kd3 Bf6 48. Bg8 Ne4 49. Kc4 Ke8 50. Ba3 Kd7 51. Bc1 Bd8
52. Be3 Nf6 53. Bf7 Ne4 54. Kd5 Ke7 55. Be6 Nxg3 56. Bf2 Ne2 57. Bh4+ Ke8 58.
Bxd8 Kxd8 59. Ke5 Ke7 60. Bxf5 g3 61. Bd3 Nc3 62. Bc4 Nd1 63. Ke4 Nf2+ 64. Kf3
Nh1 65. Bd3 Kf6 66. Bc2 Ke6 67. Kg4 Kf6 68. Kh4 Ke6 69. Kg5 Kf7 70. Be4 Nf2 71.
Bd5+ Ke7 72. f5 Nh1 73. f6+ Kf8 74. Kf4 Ke8 75. Ke5 Nf2 76. Kd6 Ng4 77. Kc7
Nxf6 78. Bf3 Ke7 79. Kxb6 Kd6 80. Kxa5 Nd7 81. Kb5 Nc5 82. b4 Nb3 83. Ba8 Nd4+
84. Kc4 Ne6 85. a5 1-0

[Event "Biel Credit Suisse"]
[Site "Biel"]
[Date "1997.07.27"]
[Round "6"]
[White "Karpov, Anatoly"]
[Black "Pelletier, Yannick"]
[Result "1-0"]
[WhiteElo "2745"]
[BlackElo "2465"]
[Annotator "Lutz,C"]
[PlyCount "101"]
[EventDate "1997.07.20"]
[EventType "tourn"]
[EventRounds "10"]
[EventCountry "SUI"]
[EventCategory "17"]
[SourceTitle "CBM 060"]
[Source "ChessBase"]
[SourceDate "1997.09.29"]
[SourceVersion "1"]
[SourceVersionDate "1997.09.29"]
[SourceQuality "1"]

1. d4 {Fritz5.00 (100s)} d5 2. c4 c6 3. Nc3 Nf6 4. e3 e6 5. Nf3 Nbd7 6. Qc2 Bd6
7. Bd3 O-O 8. O-O h6 $5 {Mit diesem Zug wird ein neueres System eingeleitet.
Nach 8...Qe7 und 8...e5 hatte Schwarz zuletzt Probleme gehabt.} (8... dxc4) (
8... Qe7) (8... e5) 9. Rd1 (9. b3 b6 10. Bb2 Bb7 11. Rfd1 Qe7 12. cxd5 cxd5 13.
Nb5 Rfc8 14. Qe2 Bb8 15. Ba3 Qd8 16. Rac1 Rxc1 17. Rxc1 Ne8 18. g3 a6 19. Nc3
Bd6 20. Bxd6 Nxd6 $11 {0-1 Topalov,V-Ivanchuk,V/Amber-rapid6th 1997/EXP 57 (43)
} (20... Nxd6 {Fritz5.00 (100s)} 21. Ne5 Rc8 22. Nxd7 Qxd7 23. Bxa6 Ne4 24.
Bxb7 Nxc3 25. Rxc3 Rxc3 26. Ba6 Qc7 27. Qb5 g6 28. a4 Rc2 29. Qd3 Rb2 30. Qd1
Qc3 31. Bb5 Kg7 32. Qf3 Qc7 33. e4 Qc1+ 34. Kg2 Rb1 35. Kh3 Qc2 36. Be8 f6 37.
Qf4 Qc8 38. Bxg6 Kxg6 39. Qg4+ Kf7 40. exd5 Qd7 41. Qh5+ Ke7 42. Qg6 e5+ 43.
Kg2 Qxd5+ {0-1 Topalov,V-Ivanchuk,V/Amber-rapid6th 1997/EXP 57})) 9... Qe7 (
9... b6 10. e4 dxe4 11. Nxe4 Nxe4 12. Bxe4 Bb7 13. c5 $1) 10. h3 $1 $146 {
'N' Fritz5.00 (100s). Fritz5.00 (100s): 'Stärkt g4'} (10. c5 Bb8 11. e4 e5 12.
exd5 Nxd5 13. Bf1 Nxc3 14. bxc3 e4 15. Re1 Nf6 $13 {Spraggett,K-Bacrot,E/
Enghien Les Bains 1997/CBM 58/[Lutz]/0-1 (41)} (15... Nf6 {Fritz5.00 (100s)}
16. g3 Bf5 17. Bb2 Bh7 18. Qb3 Ng4 19. Re2 e3 {Spraggett,K-Bacrot,E/Enghien
Les Bains 1997/CBM 58/[Lutz]/0-1 (41)})) (10. e4 {Fritz5.00 (100s)} dxe4 11.
Nxe4 Nxe4 12. Bxe4 Re8 13. Re1 Nf6 14. Bd3 c5 15. dxc5 Bxc5 16. Ne5 b6 17. Bd2
Bb7 18. Rad1 Red8 19. Bc3 a5 {Browne,W-Vera,R/Linares MEX 1994/EXT 94/1-0 (53)}
) 10... b6 11. cxd5 $1 {Karpovs Eröffnungsbehandlung scheint eine gute Methode
gegen 8...h6 zu sein.} (11. e4 dxe4 12. Nxe4 Nxe4 13. Bxe4 Bb7 {/\ ...f5, ...c5
}) 11... cxd5 (11... exd5 $5 {war eine beachtenswerte Alternative. Allerdings
ist durch 8...h6 das Feld g6 geschwächt und somit auch die Kontrolle über f5.}
12. Nh4 $5 (12. e4 $5) (12. b3 $5) 12... g6 $2 13. Bxg6 fxg6 14. Qxg6+ $18 {
/\ Nf5}) 12. Nb5 $14 {Nun hat Weiß einen bequemen Vorteil.} Ba6 $6 {>< c6} (
12... Bb7 $14) 13. Bd2 (13. Nxd6 {Fritz5.00 (100s)} {[%tqu "En","","","",
"a6d3","",10]} Bxd3 14. Rxd3 Qxd6 $14) 13... Ne4 (13... Rfc8 {Fritz5.00 (100s)}
14. Qb3 Bxb5 15. Bxb5 $11) 14. Be1 Bb4 $6 {'+/=' Fritz5.00 (100s).} (14... Ndf6
15. Qa4) (14... Bxb5 {Fritz5.00 (100s)} 15. Bxb5 Rfc8 16. Bc3 $11) 15. Bxb4 ({
Dagegen} 15. Bxe4 {Fritz5.00 (100s)} dxe4 16. Bxb4 Qxb4 $15) 15... Qxb4 16. a3
Qe7 17. Qa4 $16 ({Schlechter scheint} 17. Bxe4 {Fritz5.00 (100s)} dxe4 18. Nc7
Rfc8 $17) 17... Bb7 {'+/-' Fritz5.00 (100s).} (17... Bxb5 18. Bxb5 Nef6 (18...
Rfd8 {Fritz5.00 (100s)} 19. Rac1 $16) 19. Ba6 $16 {<-> c}) 18. Rac1 a6 19. Nc7
b5 20. Qa5 Rac8 (20... Qd8 21. Ne5 Nxe5 (21... Nef6 22. Nc6 Bxc6 23. Rxc6 $16)
(21... Rc8 22. Nxd7 Qxd7 23. Nxa6 Ra8 24. Qc7 $18) 22. dxe5 {/\ Be4} Ng5 23.
Qb6 $16) 21. Nxa6 Bxa6 22. Qxa6 Ra8 23. Qc6 Nd6 24. Bxb5 $18 Nf6 25. Ba6 Rfb8
26. b4 Qd8 {Fritz5.00 (100s): 'Weiß darf nun die Drohung Tb6 nicht übersehen'}
27. b5 Nc4 (27... Rb6 {Fritz5.00 (100s)} 28. Qc7 Nxb5 29. Qxd8+ Rxd8 30. Bxb5
Rxb5 31. Ne5 $16) 28. Rxc4 $1 dxc4 29. Ne5 Qa5 (29... Nd5 {Fritz5.00 (100s)}
30. Qxc4 Qd6 31. Qc5 Qxc5 32. dxc5 $18) 30. Nxc4 Qc3 31. Rf1 Nd5 32. Qc5 Qc2
33. Nd6 Qd3 (33... Qxc5 34. dxc5 Nc7 35. c6 Nxa6 36. bxa6 {/\ c7} Ra7 37. Rc1
Rc7 38. a7 Ra8 39. Nb5 $18) 34. Rc1 Rd8 35. Bb7 Rxa3 (35... Rab8 {Fritz5.00 
(100s)} 36. Bxd5 exd5 37. Qxd5 $18) 36. Bxd5 exd5 37. b6 (37. Nxf7 $142 {
(Fritz5.00 (100s)) läßt dem Gegner kaum Chancen} {[%tqu "En","","","","d8a8",
"",10]} Rda8 38. Qxd5 $18) 37... Rb3 (37... Ra2 {Fritz5.00 (100s)} 38. Qxd5
Rxf2 39. Kxf2 Qd2+ 40. Kf3 Qxc1 41. Qxf7+ Kh8 42. Nf5 Qc6+ 43. Kf2 $18) 38.
Nxf7 $1 {Fritz5.00 (100s): 'Rückgabe des Materials ist das stärkste'} Rf8 (
38... Kxf7 39. Qc7+ Ke8 40. Qe5+ Kf8 41. Rc7 {/\ Qe7, /\ Qxg7}) (38... Rb8 {
Fritz5.00 (100s)} 39. Nxh6+ Kh7 $18) 39. Qxd5 (39. Nxh6+ {Fritz5.00 (100s)} Kh7
40. Qxf8 $18) 39... Kh7 (39... Rb5 40. Qe6 $18 (40. Qe6 {Fritz5.00 (100s)} Qb3
41. Nxh6+ Kh7 42. Qe7 $18)) 40. Ne5 {Fritz5.00 (100s): 'Der weiße Springer
greift über e5 drohend ein '} Qd2 41. Rf1 (41. Qe4+ $5 {(Fritz5.00 (100s))
damit würde Weiß es sich noch erleichtern} Kg8 42. Rf1 Rxb6 $18) 41... Qc2 42.
Qc5 (42. Nd7 $5 {(Fritz5.00 (100s)) wäre im Gewinnsinne präziser} Rf5 43. Qa8
Rb2 44. Nf8+ Rxf8 45. Qxf8 Rxb6 $18) 42... Rc8 43. Qd6 Ra8 (43... Rb2 $142 $18
{Fritz5.00 (100s)}) 44. h4 (44. Nd7 {(Fritz5.00 (100s)) ginge schneller} Rb2
45. Qd5 Qc8 $18) 44... Rb1 45. Rxb1 Qxb1+ 46. Kh2 Qe4 (46... Ra2 {Fritz5.00 
(100s)} 47. Qf8 Qe4 48. Kg3 $18) 47. Kg3 Ra2 (47... Qb1 $18 {(Fritz5.00 (100s))
die letzte Gegenchance}) 48. h5 (48. b7 $142 {(Fritz5.00 (100s)) und Weiß ist
direkt am Ziel} Qxb7 49. Qg6+ Kh8 50. Nf7+ Kg8 51. Nxh6+ Kf8 52. Qf5+ Ke8 53.
Qe6+ Qe7 54. Qxa2 Qd6+ 55. f4 Qxh6 56. Qg8+ Ke7 $18) 48... Qc2 (48... Rb2 $18 {
Fritz5.00 (100s)}) 49. Qg6+ (49. Qf8 $142 {(Fritz5.00 (100s)) und Schwarz kann
direkt aufgeben} Qe4 50. b7 Qxb7 51. Qf5+ Kg8 52. Qe6+ Kh7 53. Qxa2 $18) 49...
Kg8 (49... Qxg6+ 50. hxg6+ Kg8 {'+-' Fritz5.00 (100s).} 51. Nd7 $18) 50. Qf7+
Kh7 {Fritz5.00 (100s): 'Weiß darf Schwarz nun nicht zu Ta8 kommen lassen'} 51.
Nd7 {Fritz5.00 (100s): 'Droht Matt: Sf6'} (51. Nd7 {Fritz5.00 (100s)} Ra8 52.
b7 Qc7+ 53. f4 Qxb7 54. Nf6+ Kh8 55. Qxb7 $18) 1-0